01010nam a2200277 u 450000100070000000500170000700800410002403500110006503500210007604000130009704100080011008000070011810000420012524501890016726000540035630000170041065000280042765000270045565000220048265000180050465000290052265000250055170000410057670000350061770000800065222169420260506082444.0980704s1998 spa  a221694 a(OCoLC)777708520 ccomduadb aspa aWA10aCalle B., Maria del Rosario4auteaut10aDesde la siembra...II promocion de autocuidados en salud ocupacional para la prevencion de riesgos ocupacionales en mujeres de la agroindustria del arroz, banano, cafe, flores y tabaco aBogotá :bInstituto de Seguros Sociales,c1998. a92 páginas 7aSalud ocupacional2lemb aPrevención y control aRiesgos laborales 7aMujeres2lemb aIndustrias agropecuarias 7aEstado de salud2dcs10aLondoño Vélez, Argelia4auteaut10aTobon Puerta, Angela4auteaut10aRestrepo Yusti, Manuel4aut0(isni)0000 0000 3182 01170(viaf)63285413eaut